000 00332nam a2200145Ia 4500
008 191201s2007 xx 000 0 und d
082 _a005.26
_bKOC
100 _aKOENIG, Andrew
245 0 _aC Traps and Pitfalls
250 _aIMP
260 _aN.Delhi
_bPearson
_c2007
300 _a147
650 _aB.Tech(IT)
942 _2ddc
_cBK
999 _c4344
_d4344